| 000 | 00973nam a22002657a 4500 | ||
|---|---|---|---|
| 005 | 20090904100945.0 | ||
| 008 | 090903t xxu||||| |||| 00| 0 eng d | ||
| 010 | _aB-356980 | ||
| 020 |
_a9789380032269 _c75.00 |
||
| 035 | _aB-356980 | ||
| 037 | _bDBAD / PUB | ||
| 040 |
_adpl _bEnglish |
||
| 082 | _aS | ||
| 100 | _aRing, Susan | ||
| 245 |
_aAbuelito's greenhouse / _cby Susan Ring; illustrated by Alan Batson |
||
| 260 |
_aChennai _bWestland _c2009 |
||
| 270 |
_a571, Poonamallee High Road, Kamraj Bhawan, Aminijikarai _bChennai _e600029 |
||
| 300 |
_aunpaged _bcol. ill. _c23cm(pbk) |
||
| 490 | _aHandy Manny series | ||
| 500 | _aBased on the episode by Laurie Israel and Rachel Ruderman | ||
| 650 | _aChildren Stories, English | ||
| 700 | _aBatson, Alan | ||
| 942 |
_2ddc _cEN _hS _mRIN |
||
| 999 |
_c29978 _d29978 |
||